000 00254nam a22001217a 4500
082 _a158
_bBAN/D
100 _aBAN
245 _aC.NNECT THE D.TS
260 _aNEW DELHI
_bWESTLAND
300 _a334
650 _aPERSONALITY DVELOPMENT
_zDELHI
942 _cBK
999 _c5229
_d5229